Índice a la Base de Datos Artes, de la revista Artes de México (Record no. 1803)
[ view plain ]
| 000 -CABECERA | |
|---|---|
| campo de control de longitud fija | 00856nam a2200229 a 4500 |
| 001 - NÚMERO DE CONTROL | |
| campo de control | BRCA_2037 |
| 005 - FECHA Y HORA DE LA ÚLTIMA TRANSACCIÓN | |
| campo de control | 20190320203639.0 |
| 008 - DATOS DE LONGITUD FIJA--INFORMACIÓN GENERAL | |
| campo de control de longitud fija | 010808s1997----mx-a---###---#000-0#spa-# |
| 041 ## - CÓDIGO DE LENGUA | |
| Código de lengua del texto/banda sonora o título independiente | spa |
| 044 ## - CÓDIGO DEL PAÍS DE LA ENTIDAD EDITORA/PRODUCTORA | |
| Código MARC del país | mx |
| 050 #4 - SIGNATURA TOPOGRÁFICA DE LA BIBLIOTECA DEL CONGRESO | |
| Número de clasificación | N6553 |
| Número de documento/Ítem | .B27 1997 |
| 100 1# - ENTRADA PRINCIPAL--NOMBRE DE PERSONA | |
| Nombre de persona | Barberena Blásquez, Elsa |
| 9 (RLIN) | 6082 |
| 245 10 - MENCIÓN DE TÍTULO | |
| Título | Índice a la Base de Datos Artes, de la revista Artes de México |
| Resto del título | nueva serie, números 1 al 34 (1988-1996) |
| Mención de responsabilidad, etc. | responsable del proyecto Elsa Barberena ; becario CONACYT Guillermo García Olvera. |
| 260 ## - PUBLICACIÓN, DISTRIBUCIÓN, ETC. | |
| Lugar de publicación, distribución, etc. | México |
| Nombre del editor, distribuidor, etc. | UNAM, Facultad de Filosofía y Letras : CONACYT |
| Fecha de publicación, distribución, etc. | 1997 |
| 300 ## - DESCRIPCIÓN FÍSICA | |
| Extensión | 1 v. (sin paginación) |
| Otras características físicas | il., diagramas |
| Dimensiones | 29 cm. |
| 500 ## - NOTA GENERAL | |
| Nota general | Ejemplar engargolado |
| 500 ## - NOTA GENERAL | |
| Nota general | Por política no se presta a domicilio |
| 650 14 - PUNTO DE ACCESO ADICIONAL DE MATERIA--TÉRMINO DE MATERIA | |
| Término de materia o nombre geográfico como elemento de entrada | Arte mexicano |
| Subdivisión de forma | Índice |
| 9 (RLIN) | 6084 |
| 700 1# - PUNTO DE ACCESO ADICIONAL--NOMBRE DE PERSONA | |
| Nombre de persona | García Olvera, Guillermo |
| 9 (RLIN) | 6227 |
| 902 ## - CATALOGADOR | |
| Iniciales | eng |
| 942 ## - ELEMENTOS DE PUNTO DE ACCESO ADICIONAL (KOHA) | |
| Fuente del sistema de clasificación o colocación | Library of Congress Classification |
| Tipo de ítem Koha | Libros |
| Estado de retiro | Estado de pérdida | Estado dañado | No para préstamo | Localización permanente | Ubicación/localización actual | Fecha de adquisición | Total de préstamos | Signatura topográfica completa | Código de barras | Fecha visto por última vez | Precio válido a partir de | Tipo de ítem Koha |
|---|---|---|---|---|---|---|---|---|---|---|---|---|
| El ejemplar forma parte de la colección y puede ser consultado según las políticas vigentes. | Biblioteca del Museo Franz Mayer (Rogerio Casas-Alatriste) | Biblioteca del Museo Franz Mayer (Rogerio Casas-Alatriste) | 01/08/2008 | N6553 .B27 1997 | ENG00016 | 22/03/2019 | 22/03/2019 | Libros |